Amplificadores operacionales y circuitos integrados lineales

Wedi'i Gadw mewn:
Manylion Llyfryddiaeth
Prif Awdur: Coughlin, Robert F.
Awduron Eraill: Driscoll, Frederick F
Fformat: Llyfr
Iaith:Spanish
Cyhoeddwyd: México : Prentice Hall Hispanoamericana 1999
Pynciau:
Tagiau: Ychwanegu Tag
Dim Tagiau, Byddwch y cyntaf i dagio'r cofnod hwn!

MARC

LEADER 00000nam a2200000Ia 4500
003 000336
005 20221231144022.0
008 140114s1999 mx a 000 ||spa d
040 |c cru CEDI 
082 |a 621.381.535 C854a 
100 |a Coughlin, Robert F.  |9 19098 
245 |a Amplificadores operacionales y circuitos integrados lineales 
260 |a México : Prentice Hall Hispanoamericana  |c 1999 
300 |a xxix, 518 páginas : ilustraciones. 
500 |a Traducción de: Operational amplifiers & linear integrated circuits. 
650 |x AMPLIFICADORES OPERACIONALES   |x CIRCUITOS INTEGRADOS LINEALES  |9 19101 
700 |9 19100  |a Driscoll, Frederick F 
942 |2 ddc  |c BK 
999 |c 15700  |d 15700